Relevant linguistics : (Record no. 23582)
[ view plain ]
| 000 -LEADER | |
|---|---|
| fixed length control field | 01172cam a22003495a 4500 |
| 001 - CONTROL NUMBER | |
| control field | 13573357 |
| 003 - CONTROL NUMBER IDENTIFIER | |
| control field | EG-ScBUE |
| 005 - DATE AND TIME OF LATEST TRANSACTION | |
| control field | 20220417101427.0 |
| 008 - FIXED-LENGTH DATA ELEMENTS--GENERAL INFORMATION | |
| fixed length control field | 040426t2004 caua f bd 001 0 eng d |
| 020 ## - INTERNATIONAL STANDARD BOOK NUMBER | |
| International Standard Book Number | 1575862182 |
| 020 ## - INTERNATIONAL STANDARD BOOK NUMBER | |
| International Standard Book Number | 9781575862187 |
| 040 ## - CATALOGING SOURCE | |
| Original cataloging agency | DLC |
| Language of cataloging | eng |
| Description conventions | rda |
| Transcribing agency | DLC |
| Modifying agency | DLC |
| -- | EG-ScBUE |
| 082 04 - DEWEY DECIMAL CLASSIFICATION NUMBER | |
| Classification number | 410 |
| Edition number | 22 |
| Item number | JUS |
| 100 1# - MAIN ENTRY--PERSONAL NAME | |
| Personal name | Justice, Paul W., |
| Dates associated with a name | 1966- |
| Relator term | author. |
| 245 10 - TITLE STATEMENT | |
| Title | Relevant linguistics : |
| Remainder of title | an introduction to the structure and use of English for teachers / |
| Statement of responsibility, etc | Paul W. Justice. |
| 250 ## - EDITION STATEMENT | |
| Edition statement | Second edition, |
| Remainder of edition statement | revised and expanded. |
| 264 #1 - PUBLICATION, DISTRIBUTION, ETC. (IMPRINT) | |
| Place of publication, distribution, etc | Stanford, California : |
| Name of publisher, distributor, etc | CSLI Publications, |
| Date of publication, distribution, etc | [2004] |
| 264 #4 - PUBLICATION, DISTRIBUTION, ETC. (IMPRINT) | |
| Date of publication, distribution, etc | c2004 |
| 300 ## - PHYSICAL DESCRIPTION | |
| Extent | xvi, 311 pages : |
| Other physical details | illustrations ; |
| Dimensions | 28 cm |
| 336 ## - CONTENT TYPE | |
| Source | rdacontent |
| Content type term | text |
| Content type code | txt |
| 337 ## - MEDIA TYPE | |
| Source | rdamedia |
| Media type term | unmediated |
| Media type code | n |
| 338 ## - CARRIER TYPE | |
| Source | rdacarrier |
| Carrier type term | volume |
| Carrier type code | nc |
| 490 0# - SERIES STATEMENT | |
| Series statement | CSLI lecture notes ; |
| Volume number/sequential designation | no. 154 |
| 500 ## - GENERAL NOTE | |
| General note | Includes glossary.<br/> |
| 504 ## - BIBLIOGRAPHY, ETC. NOTE | |
| Bibliography, etc | Includes bibliographical references and index.<br/> |
| 650 #7 - SUBJECT ADDED ENTRY--TOPICAL TERM | |
| Topical term or geographic name as entry element | Linguistics. |
| Source of heading or term | BUEsh |
| 9 (RLIN) | 39740 |
| 650 #7 - SUBJECT ADDED ENTRY--TOPICAL TERM | |
| Topical term or geographic name as entry element | English language. |
| Source of heading or term | BUEsh |
| 651 ## - SUBJECT ADDED ENTRY--GEOGRAPHIC NAME | |
| Source of heading or term | BUEsh |
| 653 ## - INDEX TERM--UNCONTROLLED | |
| Resource For college | Humanities: English |
| Arrived date list | December2016 |
| -- | March2017 |
| 655 ## - INDEX TERM--GENRE/FORM | |
| Form subdivision | Reading book |
| 9 (RLIN) | 34232 |
| 942 ## - ADDED ENTRY ELEMENTS (KOHA) | |
| Source of classification or shelving scheme | Dewey Decimal Classification |
| Koha item type | Book - Borrowing |
| Withdrawn status | Lost status | Source of classification or shelving scheme | Damaged status | Not for loan | Collection code | Home library | Current library | Shelving location | Date acquired | Source of acquisition | Cost, normal purchase price | Total Checkouts | Full call number | Barcode | Date last seen | Date checked out | Koha item type | Price effective from |
|---|---|---|---|---|---|---|---|---|---|---|---|---|---|---|---|---|---|---|
| Dewey Decimal Classification | Baccah | Central Library | Central Library | Second Floor | 15/12/2016 | Purchase | 550.00 | 1 | 410 JUS | 000040446 | 15/07/2025 | 30/01/2017 | Book - Borrowing | |||||
| Dewey Decimal Classification | Baccah | Central Library | Central Library | Second Floor | 15/12/2016 | Purchase | 550.00 | 410 JUS | 000040447 | 15/07/2025 | Book - Borrowing | |||||||
| Dewey Decimal Classification | Baccah | Central Library | Central Library | Second Floor | 28/03/2017 | Purchase | 410 JUS | 000041514 | 15/07/2025 | NB - Book (Non borrowing) | 28/03/2017 | |||||||
| Dewey Decimal Classification | Baccah | Central Library | Central Library | Second Floor | 28/03/2017 | Purchase | 410 JUS | 000041515 | 15/07/2025 | NB - Book (Non borrowing) | 28/03/2017 | |||||||
| Dewey Decimal Classification | Baccah | Central Library | Central Library | Second Floor | 28/03/2017 | Purchase | 410 JUS | 000041516 | 15/07/2025 | NB - Book (Non borrowing) | 28/03/2017 | |||||||
| Dewey Decimal Classification | Baccah | Central Library | Central Library | Second Floor | 28/03/2017 | Purchase | 410 JUS | 000041517 | 15/07/2025 | Book - Borrowing | 28/03/2017 | |||||||
| Dewey Decimal Classification | Baccah | Central Library | Central Library | Second Floor | 28/03/2017 | Purchase | 1 | 410 JUS | 000041518 | 15/07/2025 | 17/02/2020 | Book - Borrowing | 28/03/2017 |